Prosecuting civil appeals to the Supreme Court of Namibia / (Record no. 3191)

MARC details
000 -LEADER
fixed length control field 00546nam a22001817a 4500
005 - DATE AND TIME OF INPUT
control field 20241002073334.0
008 - DATA ELEMENTS--GENERAL INFORMATION
fixed length control field 241002b |||||||| |||| 00| 0 eng d
020 ## - INTERNATIONAL STANDARD BOOK NUMBER
International Standard Book Number 9789994558261
041 ## - LANGUAGE CODE
Language code of text English
082 ## - SHELF NUMBER
DDC number 347 NAM
100 ## - MAIN AUTHOR
Language of a work English
245 ## - TITLE STATEMENT
Title Prosecuting civil appeals to the Supreme Court of Namibia /
Statement of responsibility, etc. S Namandje
250 ## - EDITION STATEMENT
Edition statement First Edition
260 ## - PUBLICATION, DISTRIBUTION, ETC.
Place of publication, distribution, etc. Pretoria:
Name of publisher, distributor, etc. Wize Books Publishers,
Date of publication, distribution, etc. 2023
300 ## - PHYSICAL DESCRIPTION
Other physical details 64 pages;
Dimensions 26 cm.
650 ## - SUBJECT`
Broad subject Legal practice
Own subject terms Law
942 ## - ADDED ENTRY ELEMENTS (KOHA)
Item type Books
942 ## - ADDED ENTRY ELEMENTS (KOHA)
-- ALISON_BN_VRIES
Holdings
Source of classification or shelving scheme Not for loan Collection code Home library Current library Shelving location Date acquired Full call number Barcode Price effective from Koha item type
Dewey Decimal Classification   TEXT BOOKS LAW SOCIETY OF NAMIBIA LIBRARY - WINDHOEK LAW SOCIETY OF NAMIBIA LIBRARY - WINDHOEK Civil Procedure and Court 10/02/2024 347 NAM LSN/2024/58 10/02/2024 Books
Dewey Decimal Classification   TEXT BOOKS LAW SOCIETY OF NAMIBIA LIBRARY - WINDHOEK LAW SOCIETY OF NAMIBIA LIBRARY - WINDHOEK Civil Procedure and Court 10/02/2024 347 NAM LSN/2024/57 10/02/2024 Books
Dewey Decimal Classification   TEXT BOOKS LAW SOCIETY OF NAMIBIA LIBRARY - WINDHOEK LAW SOCIETY OF NAMIBIA LIBRARY - WINDHOEK Civil Procedure and Court 10/03/2024 347 NAM LSN/2024/59 10/03/2024 Books